Oskars 50 - Statistics

General Stats
  • This quiz has been taken 8 times
  • The average score is 15 of 50
Answer Stats
Hint Answer % Correct
Wheatus (Wheatus) Teenage Dirtbag
100%
Lynyrd Skynyrd (Pronounces' Leh-'Nerd'Skin-'Nerd) Free bird
80%
Håkan Hellström (Känn ingen sorg för mig Göteborg) Känn ingen sorg för mig Göteborg
80%
The Mamas and the Papas (All The Leaves Are Brown) California dreaming
60%
Ebba Grön (Ebba Grön) Die mauer
60%
Oasis ((Whats the story) morning glory?) Don't look back in anger
60%
Eagles (Hotel California) Hotel California
60%
Broder Daniel (Cruel Town) Shoreline
60%
Dire Straits (Dire Straits) Sultans of swing
60%
Jefferson Airplane (Surrealistic Pillow) White Rabbit
60%
Metallica (The Black Album) Enter Sandman
40%
Iron Maiden (Fear of the dark) Fear of the dark
40%
Green day (American Idiot) Holiday/Boulevard of broken dreams
40%
Dire Straits (Brothers In Arms) Money for nothing
40%
Guns and roses (Use Your Illusion 1) November rain
40%
Black Sabbath (Paranoid) Paranoid
40%
The Cranberries (No need to argue) Zombie
40%
Piotr Tchaikovski (Op49) 1812 Overture
20%
Nena (Nena) 99 Luftballons
20%
Iron Maiden (Powerslave) Ace's HIgh
20%
The Who (Who's Next) Baba O'Riley
20%
The Who (Who's Next) Behind blue eyes
20%
Supertramp (Breakfast in America) Breakfast in America
20%
Blondie (Atomic/Atomix) Call me
20%
Sabaton (Carolus Rex) Carolus Rex
20%
Modern Talking (Let's Talk About Love) Cheri Cheri Lady
20%
Guns and roses (Use Your Illusion 2) Civil war
20%
Kiss (Smashes, trashes and hits) Detroit rock city
20%
Abba (Voulez-Vous) Does Your Mother Know
20%
Green day (Father of All...) Father of All
20%
Iron Maden (The Number of The Beast) Hallowed be thy name
20%
Bonnie Tyler (Secret Drams and Forbidden Fire) Holding Out For A Hero
20%
The Animals (The Singles) House of the rising sun
20%
Status Que (In the army now) In the army now
20%
Sabaton (Carolus Rex) Karolinens bön
20%
Abba (Super Trouper) Lay all your love on me
20%
Dick Dale and the His Del-tones (Surfer's Choice) Miserlou
20%
The Rolling Stones (Aftermath) Paint it black
20%
Paul Engmann Scarface
20%
Abba (Abba) SOS
20%
Oasis (osläppt) Take Me
20%
The Offspring (Americana) The kids are'nt right
20%
Sabaton (The last stand) The last stand
20%
Ace of bass (The Sign) The sign
20%
Metallica (The Black Album) Wherever i may roam
20%
The Offspring (Rise And Fall, Rage And Grace) You're gonna go far kid
20%
Gloria Gaynor (Love Tracks) I Will Survive
0%
The Offspring (Smash) Self Esteem
0%
Led Zeppelin (Led Zeppelin 4) Stairway to heaven
0%
Corona (The Rhytm of the Night) The Rythm of the Night
0%
No matching quizzes found
Score Distribution
Percent of People with Each Score
Percentile by Number Answered
Your Score History
You have not taken this quiz